02684cam a22005891i 4500001001300000003000600013005001700019008004100036010001700077016001800094016002500112024001500137029002200152029002200174029002200196029002300218029002100241029001600262029001700278029002200295029002100317035007300338040018000411043001200591050001900603055001600622082001100638100003900649245008200688260005300770300002700823336002600850337002800876338002700904340001600931504005700947505029201004600004501296600007101341648002601412650004201438650005201480650005401532650006301586651007501649651007901724655004401803776017201847942001202019948004602031999001702077ocm00503417 OCoLC20230509115032.0721129s1953 wiu b 000 0 eng  a 53006170 7 a0019870642Uk a(AMICUS)0000042453608 ax2603475491 aAU@b0000041601391 aAU@b0000239879441 aAU@b0000253623121 aDEBBGbBV0124945001 aHEBISb1134439191 aNZ1b6806851 aNZ1b83200011 aNLCb0000042453601 aUKMGBb001987064 a(OCoLC)503417z(OCoLC)317634842z(OCoLC)880766535z(OCoLC)1120844969 aDLCbengcWSUdDLCdOCLCQdBTCTAdOCLCGdNIALSdUKMGBdEUMdOH#dNLJDAdEMIdOCLCQdOCLCFdOCLCOdOCLdAUDdNLCdOCLCQdOCLCOdLUEdOCLCQdVTUdUKUOYdOCLCQdOCLdUKROHdOCLCO ae-uk---00aJV1009.S8bK72 0aJV1009.S8K600a325.421 aKnaplund, Paul,d1885-1964.91903910aJames Stephen and the British colonial system, 1813-1847 /cby Paul Knaplund. aMadison :bUniversity of Wisconsin Press,c1953. aix, 315 pages ;c24 cm atextbtxt2rdacontent aunmediatedbn2rdamedia avolumebnc2rdacarrier m8vo.2rdabf aIncludes bibliographical references (pages 299-307).0 aSir James Stephen -- Colonial administration -- Land settlement and colonization -- Up from slavery -- Religion, church, and education -- Shipping, tariff, and trade -- Currency law, courts, and justice -- Self-government overseas -- Appendix: colonization as a branch of social economy.10aStephen, James,cSir,d1789-1859.91904117aStephen, James,cSir,d1789-1859.2fast0(OCoLC)fst00351914919041 7a1800-18992fast91125 4aStephen, Sir James, 1789-1859.919043 4aGreat BritainxColoniesxAdministration.919045 7aBritish colonies.2fast0(OCoLC)fst0191037495885 7aColoniesxAdministration.2fast0(OCoLC)fst00868457911381 0aGreat BritainxColoniesxAdministrationxHistoryy19th century.919047 6aGrande-BretagnexColoniesxAdministrationxHistoirey19e si�ecle.919049 7aHistory.2fast0(OCoLC)fst01411628921608iOnline version:aKnaplund, Paul, 1885-1964.tJames Stephen and the British colonial system, 1813-1847.dMadison : University of Wisconsin Press, 1953w(OCoLC)574240634 2lcccBK hNO HOLDINGS IN GHUCC - 441 OTHER HOLDINGS c43775d43775